[Event "R6Ronde5 Foix-Tournefeuille"]
[Site "?"]
[Date "2003.02.02"]
[Round "5.4"]
[White "EGEA, Claude"]
[Black "CARINOLA, Raphael"]
[Result "1-0"]
[WhiteElo "1620"]
[BlackElo "1600"]
[PlyCount "101"]

1.d4 Nf6 2.Nc3 d5 3.e4 dxe4 4.f3 exf3 5.Nxf3 Bg4 6.h3 Bh5 7.Be3 e6 8.Bd3 
Nc6 9.Bb5 Qd6 10.O-O a6 11.Bxc6+ Qxc6 12.Qd3 Bg6 13.Qe2 Bd6 14.Ne5 Bxe5 
15.dxe5 Ne4 16.Nxe4 Qxe4 17.Qf3 c6 18.c3 O-O 19.Qxe4 Bxe4 20.Bb6 Rac8 21.
Rfd1 Bd5 22.b3 c5 23.c4 Be4 24.Rd7 Rfe8 25.Rf1 Rf8 26.Rfd1 Rfe8 27.R1d2 h5
28.h4 g6 29.Kf2 Kf8 30.Ke3 Bc6 31.R7d6 Kg7 32.g3 Bh1 33.Kf4 Rf8 34.Bd8 Kg8
35.Kg5 b5 36.Be7 Rfe8 37.Rd7 Be4 38.Ra7 bxc4 39.bxc4 Rb8 40.Rdd7 Rb1 41.
Bxc5 Rf1 42.Kh6 Rf3 43.Bd6 Bd3 44.c5 Bb5 45.Re7 Rc8 46.Rec7 Re8 47.c6 a5 
48.Re7 Rc8 49.c7 Rxg3 50.Rb7 Ba6 51.Rb8 1-0

[Event "Montauban-Millau"]
[Site "?"]
[Date "2003.02.02"]
[Round "5"]
[White "GILABERT"]
[Black "CHORAZY"]
[Result "0-1"]
[WhiteElo "1700"]
[BlackElo "1760"]
[PlyCount "76"]

1.f4 e5 2.fxe5 Nc6 3.Nf3 Bc5 4.e3 d6 5.d4 Bb6 6.exd6 Qxd6 7.Bc4 Bg4 8.
Bxf7+ Ke7 9.O-O Rd8 10.b3 Ne5 11.Ba3 Nxf3+ 12.Rxf3 c5 13.Nc3 Nf6 14.Bc4 
Bxf3 15.Qxf3 Qc6 16.d5 Qd6 17.Rd1 a6 18.Ne4 Nxe4 19.Qxe4+ Kd7 20.Qg4+ Kc7 
21.Qxg7+ Kb8 22.Bb2 Bc7 23.Qg3 Qxg3 24.hxg3 Rhe8 25.Bf6 Rd7 26.Bg5 Bxg3 
27.Bf4+ Bxf4 28.exf4 b5 29.Bf1 Rd6 30.g4 b4 31.Rd3 Kc7 32.Rh3 h6 33.Bd3 
Re1+ 34.Kh2 Ra1 35.Rh5 Rf6 36.Kg3 Rxa2 37.Re5 Rb2 38.Bf5 Rxb3+ {Illisible 
Illisible} 0-1

[Event "Montauban-Millau"]
[Site "?"]
[Date "2003.02.02"]
[Round "5"]
[White "JOURDA, D."]
[Black "HAZAK, M."]
[Result "1-0"]
[WhiteElo "1470"]
[BlackElo "1499"]
[PlyCount "101"]

1.e4 e5 2.Nf3 d6 3.Bc4 Bg4 4.c3 Nf6 5.d3 h6 6.Be3 Be7 7.Nbd2 O-O 8.O-O c6 
9.Qc2 Qc7 10.d4 Nbd7 11.Rac1 Nh7 12.Bb3 Kh8 13.Ne1 f5 14.f4 fxe4 15.c4 Be2
16.Rf2 Bg4 17.Qc3 Qd8 18.Nxe4 Bf5 19.Nd2 e4 20.Bc2 Nhf6 21.h3 Qe8 22.Ndf3 
Rc8 23.Nh4 Nh5 24.Nxf5 Rxf5 25.Bxe4 Rf6 26.Nd3 Ng3 27.Bf3 Re6 28.Bd2 Bh4 
29.f5 Nxf5 30.Rff1 Ng3 31.Bg4 Nf6 32.Kh2 Nxg4+ 33.hxg4 Ne4 34.Qb4 Qe7 35.
Bf4 Rd8 36.d5 c5 37.Qa4 b6 38.dxe6 Qxe6 39.Qd1 Qg6 40.g3 Bf6 41.Kg2 Bd4 
42.Rc2 Qf7 43.Bg5 Qb7 44.Qf3 hxg5 45.Re2 Re8 46.Rfe1 d5 47.cxd5 Qxd5 48.
Rxe4 Rxe4 49.Rxe4 Kh7 50.Qf5+ Kh6 51.Qxd5 1-0

[Event "R6Ronde5 Foix-Tournefeuille"]
[Site "?"]
[Date "2003.02.02"]
[Round "5.1"]
[White "LANLLIER, Bruno"]
[Black "MALLOFRE, Vincent"]
[Result "1-0"]
[WhiteElo "1890"]
[BlackElo "1730"]
[PlyCount "67"]

1.d4 d5 2.c4 e6 3.cxd5 exd5 4.Nc3 Nf6 5.Bg5 Nbd7 6.e3 Be7 7.Bd3 O-O 8.Qc2 
c6 9.Nf3 h6 10.Bh4 Ne8 11.Bxe7 Qxe7 12.O-O Nef6 13.Rab1 Re8 14.b4 b5 15.a4
a6 16.a5 Qd6 17.Rbc1 Bb7 18.g3 Re7 19.Nh4 Qe6 20.Ne2 Ree8 21.Nf5 Ne4 22.g4
Nd6 23.Nf4 Qf6 24.Kh1 Nxf5 25.Bxf5 Qd6 26.Bxd7 Qxd7 27.Rg1 Qe7 28.Ne2 Qe4+
29.Qxe4 Rxe4 30.g5 hxg5 31.Rxg5 Bc8 32.Rcg1 g6 33.Nf4 Bf5 34.Rxf5 1-0

[Event "R6Ronde5 Foix-Tournefeuille"]
[Site "?"]
[Date "2003.02.02"]
[Round "5.2"]
[White "GUESDON, Joel"]
[Black "MASOT, Liberto"]
[Result "0-1"]
[WhiteElo "1810"]
[BlackElo "1790"]
[PlyCount "82"]

1.c4 Nf6 2.Nc3 g6 3.d4 e5 4.Nf3 e4 5.Ng5 Bb4 6.a3 Bxc3+ 7.bxc3 d6 8.g3 Bf5
9.Qb3 Qc8 10.h4 Nc6 11.c5 d5 12.Nh3 Nd8 13.Bg5 Nd7 14.Qxd5 O-O 15.Qc4 Ne6 
16.Nf4 Nxg5 17.hxg5 Qd8 18.Bh3 Qxg5 19.Bxf5 Qxf5 20.Nd5 Qe6 21.Ne3 Qe7 22.
Kd2 c6 23.Rh6 Kg7 24.Rah1 Rh8 25.R6h4 f5 26.Ng2 g5 27.Rh6 Nf6 28.Ne3 Qd7 
29.f3 Rae8 30.f4 g4 31.Qb3 Rd8 32.Qb1 Qe6 33.Qxb7+ Rd7 34.Qb2 Rdd8 35.Qb7+
Rd7 36.Qa6 Qa2+ 37.Nc2 e3+ 38.Kd3 Qd5 39.Kxe3 Qe4+ 40.Kd2 Re8 41.Kd1 Rde7 
0-1

[Event "R6Ronde5 Muret3-Vic Bigorre2"]
[Site "?"]
[Date "2003.02.02"]
[Round "5.2"]
[White "AUDOUARD, Dany"]
[Black "BARRAUD, Claudine"]
[Result "*"]
[WhiteElo "1299"]
[BlackElo "1240"]
[PlyCount "118"]

1.d4 d5 2.Nc3 Nf6 3.Bf4 a6 4.Nf3 Nc6 5.e3 Bf5 6.Bd3 Bxd3 7.Qxd3 g6 8.Ne5 
Bg7 9.Nxc6 bxc6 10.Be5 O-O 11.O-O e6 12.Rae1 Qe7 13.Bxc7 Qxc7 14.e4 Ng4 
15.Qh3 Nf6 16.e5 Nd7 17.f4 Qb6 18.Rd1 Qxb2 19.Rf3 Rab8 20.Qh4 Rfe8 21.Rh3 
Nf8 22.Na4 Qxc2 23.Rf1 Qxa4 24.Qf2 Rb4 25.Rd3 Reb8 26.a3 Rb1 27.h3 R8b2 
28.Qf3 Qb5 29.Rdd1 Nd7 30.h4 Qb3 31.Qxb3 Rxb3 32.Rxb1 Rxb1 33.Rxb1 Bh6 34.
Rb7 Nf8 35.g3 Bg7 36.Rc7 f6 37.Rxc6 fxe5 38.fxe5 Bh6 39.Rxa6 Be3+ 40.Kg2 
Bxd4 41.Ra4 Bxe5 42.Ra8 d4 43.Rd8 Bf6 44.Rd6 Kg7 45.a4 Be5 46.Rb6 d3 47.
Rb7+ Kh6 48.Rb1 d2 49.a5 Nd7 50.Rd1 Bc3 51.a6 Nb6 52.Kf2 Kh5 53.Ke2 Kg4 
54.Rb1 Ba5 55.Rb5 Nc4 56.a7 Ne3 57.Rxa5 d1=Q+ 58.Kxe3 Qe1+ 59.Kd4 Qxa5 *

[Event "R5-A-Fleurance/CEIT"]
[Site "?"]
[Date "2003.02.02"]
[Round "5.4"]
[White "Verges, Jean"]
[Black "Lenoir, Patrice"]
[Result "1/2-1/2"]
[WhiteElo "1540"]
[BlackElo "1450"]
[EventDate "2003.03.01"]
[PlyCount "120"]
[SourceDate "2003.03.01"]

1.Nf3 Nf6 2.d4 e6 3.Bf4 d5 4.e3 c5 5.c3 Nc6 6.Nbd2 Bd6 7.Bg3 O-O 8.Bd3 c4 
9.Bc2 b5 10.O-O b4 11.Ne5 Qc7 12.f4 a5 13.Bh4 Be7 14.Bxf6 Bxf6 15.g4 g6 
16.g5 Bg7 17.h4 Ne7 18.h5 Nf5 19.Bxf5 exf5 20.hxg6 fxg6 21.Qa4 bxc3 22.
bxc3 Bxe5 23.dxe5 Bd7 24.Qc2 Rfb8 25.Rab1 Kg7 26.Nf3 Kf7 27.Nd4 a4 28.a3 
Rh8 29.Rb4 h6 30.Qb2 Bc8 31.Nb5 Qc5 32.Nd6+ Kf8 33.Rf3 hxg5 34.fxg5 Rh5 
35.Rb8 Rxg5+ 36.Kf2 Qc6 37.Rxa8 Qxa8 38.Nxc8 Qxc8 39.Qb4+ Kf7 40.Qxa4 Ke6 
41.Qb4 Rh5 42.Qb6+ Kxe5 43.Qxg6 Rh2+ 44.Kg3 Ra2 45.Qg7+ Kd6 46.Qf6+ Qe6 
47.Qf8+ Ke5 48.Qg7+ Qf6 49.Qc7+ Qd6 50.Rxf5+ Ke6+ 51.Qxd6+ Kxd6 52.Rf6+ 
Ke5 53.Ra6 Ke4 54.Re6+ Kd3 55.Rd6 Kxc3 56.Rxd5 Rxa3 57.Kf2 Ra2+ 58.Ke1 
Ra1+ 59.Ke2 Ra2+ 60.Ke1 Ra1+ 1/2-1/2

[Event "R6Ronde5 Ramonville2-Luchon1"]
[Site "?"]
[Date "2003.02.02"]
[Round "5.3"]
[White "PAUL, Louis"]
[Black "PERCIE DU SERT, Maxime"]
[Result "1-0"]
[WhiteElo "1180"]
[BlackElo "1410"]
[PlyCount "105"]

1.c4 e5 2.Nc3 Nc6 3.g3 Nf6 4.Bg2 Bc5 5.Nf3 d6 6.O-O Be6 7.d3 O-O 8.Bg5 h6 
9.Bxf6 Qxf6 10.Rb1 Nd4 11.Nd5 Bxd5 12.cxd5 Nxf3+ 13.Bxf3 Rac8 14.e4 c6 15.
b4 Bd4 16.b5 cxd5 17.exd5 Qf5 18.Be4 Qd7 19.a4 f5 20.Bf3 f4 21.Bg4 Qf7 22.
Be6 fxg3 23.Bxf7+ Rxf7 24.hxg3 Rcf8 25.Qe1 Rf3 26.Kg2 Rxd3 27.f4 Bc3 28.
Qc1 Ba5 29.fxe5 Rxd5 30.Qc4 Rd8 31.Qxd5+ Kh8 32.exd6 Kh7 33.Qd3+ g6 34.
Rf7+ Kg8 35.Qd5 Rf8 36.Rxf8+ Kxf8 37.d7 h5 38.Qd6+ Kg7 39.Qf4 a6 40.Rf1 
axb5 41.Qf7+ Kh6 42.Qf4+ Kg7 43.Qg5 bxa4 44.Ra1 b5 45.Qxb5 Bc3 46.Rxa4 Bf6
47.g4 h4 48.g5 Be7 49.Qe5+ Kf7 50.Rf4+ Bf6 51.Qxf6+ Kg8 52.d8=Q+ Kh7 53.
Qf7# 1-0

[Event "R5-A-Fleurance/CEIT"]
[Site "?"]
[Date "2003.02.02"]
[Round "5.6"]
[White "Couget, Fabrice"]
[Black "Arnould, Francoise"]
[Result "0-1"]
[WhiteElo "1499"]
[BlackElo "1230"]
[EventDate "2003.03.01"]
[PlyCount "72"]
[SourceDate "2003.03.01"]

1.c4 c5 2.Nc3 e6 3.g3 Nc6 4.Bg2 Nf6 5.e3 g6 6.d4 cxd4 7.exd4 Qa5 8.Ne2 d5 
9.cxd5 exd5 10.O-O Bg7 11.a3 O-O 12.b4 Qd8 13.Bg5 Ne7 14.Nf4 Bg4 15.Qd2 
Be6 16.Rfe1 Qd7 17.Nxe6 fxe6 18.Bh3 Nf5 19.Re2 Rae8 20.Rae1 Rf7 21.Bxf5 
gxf5 22.h4 Ne4 23.Nxe4 fxe4 24.Kg2 Rf3 25.Re3 Ref8 26.Rxf3 Rxf3 27.Be3 h5 
28.Rc1 b6 29.Qc3 Qf7 30.Qc7 Qf5 31.Qb8+ Kh7 32.Rc3 Rxe3 33.Rxe3 Bxd4 34.
Qxa7+ Kg6 35.Re2 Qf3+ 36.Kf1 Qh1# 0-1

[Event "R6Ronde5 Muret4-Villeneuve tolosane2"]
[Site "?"]
[Date "2003.02.02"]
[Round "5.4"]
[White "BATATIA, Ismael"]
[Black "DUROO, Guillaume"]
[Result "0-1"]
[WhiteElo "1199"]
[BlackElo "1009"]
[PlyCount "64"]

1.e4 e5 2.Nf3 Nf6 3.Nc3 d6 4.d4 exd4 5.Nxd4 d5 6.Bd3 Bb4 7.e5 Ne4 8.Bxe4 
dxe4 9.Bd2 Bxc3 10.Bxc3 Nc6 11.O-O Nxd4 12.Bxd4 Bg4 13.Qd2 Qd5 14.b3 O-O-O
15.c3 Qxe5 16.Bxe5 Rxd2 17.Rfe1 Re2 18.Rxe2 Bxe2 19.Re1 Rd8 20.Bxg7 f5 21.
h3 Rd2 22.a3 f4 23.f3 exf3 24.gxf3 Bxf3 25.Kf1 Bg2+ 26.Kg1 f3 27.Bd4 Bxh3 
28.Bxa7 Rg2+ 29.Kf1 b6 30.Re8+ Kb7 31.Bxb6 Kxb6 32.Re6+ Bxe6 0-1

[Event "R5-A-CEIT/Fleurance"]
[Site "?"]
[Date "2003.02.02"]
[Round "5.5"]
[White "Pueyo, Jean Luc"]
[Black "Patetif, Daphnee"]
[Result "0-1"]
[WhiteElo "1440"]
[BlackElo "1440"]
[EventDate "2003.03.01"]
[PlyCount "76"]
[SourceDate "2003.03.01"]

1.d4 d5 2.c4 dxc4 3.Nc3 a6 4.e4 b5 5.a4 c6 6.axb5 cxb5 7.Nxb5 Bb7 8.Nc3 
Nf6 9.d5 Qc8 10.Qa4+ Nbd7 11.Bxc4 g6 12.Nf3 Bg7 13.O-O O-O 14.Ra3 Nb6 15.
Qb3 Nxc4 16.Ra4 Nxb2 17.Bxb2 Rb8 18.Rc4 Qd7 19.Qa2 e6 20.Rc5 exd5 21.Nxd5 
Nxe4 22.Bxg7 Kxg7 23.Qb2+ Kg8 24.Nf6+ Nxf6 25.Qxf6 Bxf3 26.Qxf3 Rb5 27.Rd1
Qb7 28.Qc3 Rxc5 29.Qxc5 Qb5 30.Qxb5 axb5 31.Rb1 Rb8 32.Kf1 Kf8 33.Ke2 Ke7 
34.Kd3 Kd6 35.Rc1 Rb7 36.Kd4 h5 37.h3 b4 38.Rc5 b3 0-1

[Event "Montauban-Millau"]
[Site "?"]
[Date "2003.02.02"]
[Round "5"]
[White "BALARD, Philippe"]
[Black "PALOS, Jean-Luc"]
[Result "0-1"]
[WhiteElo "1499"]
[BlackElo "1420"]
[PlyCount "94"]

1.e4 e6 2.d4 d5 3.e5 c5 4.c3 a6 5.Nf3 Qc7 6.Bd3 h6 7.Be3 Nd7 8.Bc2 Ne7 9.
Ba4 Ng6 10.Nbd2 Be7 11.O-O O-O 12.Bc2 Nh8 13.Qb1 f6 14.Bh7+ Kf7 15.Nh4 f5 
16.Qd1 Ke8 17.Nb3 b6 18.Ng6 c4 19.Nd2 Nb8 20.Nf4 Kd7 21.Bg6 Nxg6 22.Nxg6 
Rg8 23.Nf4 g5 24.Nh5 f4 25.Bxf4 gxf4 26.Nxf4 Bb7 27.a4 Nc6 28.Nf3 Raf8 29.
Nh3 Qd8 30.Kh1 Qc7 31.Qe2 Rf5 32.Nfg1 Kc8 33.g3 Nxe5 34.dxe5 d4+ 35.f3 d3 
36.Qg2 Bc5 37.Rad1 Qc6 38.Rd2 Be3 39.Rdd1 Rgf8 40.Nf4 h5 41.h4 Rg8 42.Qh2 
Bxg1 43.Rxg1 Rxf4 44.Rdf1 Rxf3 45.Rxf3 Qxf3+ 46.Rg2 Qxg2+ 47.Qxg2 Rxg3 0-1

[Event "R6Ronde5 Cahors2-Cate2"]
[Site "?"]
[Date "2003.02.02"]
[Round "5.3"]
[White "HOUMEAU, Dominique"]
[Black "PORTOIS, Valentin"]
[Result "1-0"]
[WhiteElo "1490"]
[BlackElo "1190"]
[PlyCount "113"]

1.e4 e5 2.Nf3 Nf6 3.d3 d6 4.c4 Be7 5.Be2 O-O 6.O-O c6 7.Nc3 d5 8.Nxe5 dxe4
9.dxe4 Qxd1 10.Rxd1 Rd8 11.Bg5 h6 12.Bh4 Kf8 13.Rxd8+ Bxd8 14.Rd1 Ke8 15.
Nxf7 Kxf7 16.Rxd8 Nbd7 17.f4 Ke7 18.Rh8 Kf7 19.e5 Ne8 20.e6+ Kxe6 21.Rxe8+
Kf7 22.Re7+ Kf8 23.b4 Nf6 24.Re3 Rb8 25.g4 Bxg4 26.Bxg4 Nxg4 27.Rg3 h5 28.
h3 Nh6 29.Rd3 Nf5 30.Rd8+ Rxd8 31.Bxd8 Nd6 32.c5 Nc4 33.Kf2 Kf7 34.Ke2 Ke6
35.Kd3 b5 36.Ne2 Kf5 37.Bg5 a5 38.Nd4+ Kg6 39.Nxc6 a4 40.Nd4 Kf7 41.Nxb5 
Ke6 42.Nc3 Kf5 43.Nxa4 Na3 44.Nc3 g6 45.b5 Nxb5 46.Nxb5 Ke6 47.Ke4 Kd7 48.
Kd5 Kc8 49.c6 Kb8 50.Kd6 h4 51.Kd7 Ka8 52.c7 Kb7 53.c8=Q+ Kb6 54.Nc3 Ka7 
55.Qc6 Kb8 56.Qb5+ Ka7 57.Kc7 1-0

[Event "R6Ronde5 Muret4-Villeneuve tolosane2"]
[Site "?"]
[Date "2003.02.02"]
[Round "5.1"]
[White "ROUQUET, Remi"]
[Black "HALLET, Maurice"]
[Result "1/2-1/2"]
[WhiteElo "1230"]
[BlackElo "1540"]
[PlyCount "62"]

1.e4 e5 2.Nf3 d6 3.Nc3 Nf6 4.Bc4 h6 5.d4 exd4 6.Nxd4 Bd7 7.O-O Be7 8.Re1 
Nc6 9.Bb5 a6 10.Nxc6 bxc6 11.Bc4 O-O 12.e5 Nh7 13.e6 fxe6 14.Bxe6+ Bxe6 
15.Rxe6 Qd7 16.Qe2 Bf6 17.Qc4 d5 18.Qxc6 Qxc6 19.Rxc6 Bxc3 20.Rxc3 Rf7 21.
Bf4 Rxf4 22.Rxc7 Nf6 23.Re1 Rf8 24.Ra7 Ra4 25.a3 Ne4 26.f3 Nc5 27.Ree7 Rf6
28.Rxg7+ Kf8 29.Rh7 Kg8 30.Rhg7+ Kf8 31.Rh7 Kg8 1/2-1/2

[Event "R6Ronde5 Albi3-Luchon2"]
[Site "?"]
[Date "2003.02.02"]
[Round "5.4"]
[White "LEFAUQUEUR, Alain"]
[Black "LOPEZ, Michel"]
[Result "1-0"]
[WhiteElo "1500"]
[BlackElo "1150"]
[PlyCount "28"]

1.e4 c5 2.Bc4 d6 3.Nf3 e6 4.Nc3 Nf6 5.Bb5+ Bd7 6.Bxd7+ Qxd7 7.d4 cxd4 8.
Nxd4 a6 9.O-O Be7 10.Re1 e5 11.Nf5 O-O 12.Bg5 Nc6 13.Bxf6 gxf6 14.Qg4+ Kh8
1-0

[Event "R6Ronde5 Albi3-Luchon2"]
[Site "?"]
[Date "2003.02.02"]
[Round "5.1"]
[White "CLAUDE, Michel"]
[Black "BRETON, Yves"]
[Result "0-1"]
[WhiteElo "1450"]
[BlackElo "1990"]
[PlyCount "96"]

1.Nf3 d5 2.d4 e6 3.c4 c5 4.e3 Nf6 5.Nc3 Nc6 6.a3 a6 7.Be2 dxc4 8.Bxc4 cxd4
9.exd4 b5 10.Be2 Bb7 11.O-O Be7 12.Bf4 O-O 13.Re1 Nd5 14.Nxd5 Qxd5 15.Rc1 
Rac8 16.Qd3 Rfd8 17.Bf1 Nxd4 18.Nxd4 Qxd4 19.Qxd4 Rxd4 20.Be3 Rdd8 21.Bb6 
Rxc1 22.Rxc1 Rd7 23.b4 f6 24.Be2 Kf7 25.Bg4 f5 26.Bh3 Rd3 27.f3 Bd6 28.Rf1
Rxa3 29.Rd1 Ke7 30.Bc5 Bxc5+ 31.bxc5 Rc3 32.Re1 Rxc5 33.Kf2 a5 34.g4 g6 
35.Kg3 Kf6 36.g5+ Ke7 37.Bg2 a4 38.h4 b4 39.Kf4 a3 40.h5 a2 41.hxg6 hxg6 
42.Ra1 e5+ 43.Kg3 Bd5 44.Re1 Ke6 45.f4 Bxg2 46.Kxg2 e4 47.Ra1 b3 48.Kf2 
Rc2+ 0-1

[Event "R6Ronde5 Albi3-Luchon2"]
[Site "?"]
[Date "2003.02.02"]
[Round "5.2"]
[White "ARANDA, Berenger"]
[Black "MARTINEZ, Loic"]
[Result "1-0"]
[WhiteElo "1610"]
[BlackElo "1320"]
[PlyCount "43"]

1.e4 e5 2.Nf3 Nc6 3.Bc4 Bc5 4.O-O Nge7 5.Nc3 a6 6.a3 d6 7.d3 Bg4 8.Be3 b5 
9.Bxf7+ Kxf7 10.Ng5+ Ke8 11.Qxg4 Rf8 12.Nd5 Qd7 13.Qh5+ Ng6 14.Qxh7 Nce7 
15.Qxg7 Qg4 16.Nf6+ Rxf6 17.Qxf6 Kd7 18.Bxc5 dxc5 19.Nf7 Nc6 20.Qg7 Ke6 
21.Nh6 Nd4 22.Nxg4 1-0

[Event "R5-A-Condom/Castel-M."]
[Site "?"]
[Date "2003.02.02"]
[Round "5.1"]
[White "Woloszyn, Florent"]
[Black "Sangoi, Jean-Jacques"]
[Result "1-0"]
[WhiteElo "1860"]
[BlackElo "1760"]
[EventDate "2003.03.01"]
[PlyCount "85"]
[SourceDate "2003.03.01"]

1.d4 d5 2.Nf3 e6 3.Bf4 Bd6 4.Bg3 Nd7 5.e3 Ngf6 6.Nbd2 Ne4 7.Nxe4 dxe4 8.
Nd2 f5 9.c4 Bb4 10.Be2 O-O 11.O-O Bxd2 12.Qxd2 b6 13.a4 a5 14.b4 axb4 15.
Qxb4 c5 16.dxc5 bxc5 17.Qc3 Qe7 18.f3 Bb7 19.fxe4 Bxe4 20.Bf3 Bxf3 21.Rxf3
h6 22.Be5 Nxe5 23.Qxe5 Qf6 24.Qxf6 Rxf6 25.a5 e5 26.Rf2 g6 27.Rd2 Rc6 28.
Rd5 e4 29.Kf2 Kf7 30.h4 Ke6 31.Kg3 h5 32.Kf4 Kf6 33.Rd2 Raa6 34.Rb2 Rd6 
35.Ra3 Rdc6 36.Rb5 Ra7 37.Rab3 Ke6 38.Rb6 Rc7 39.Rxc6+ Rxc6 40.Rb6 Rxb6 
41.axb6 Kd6 42.Kg5 Kc6 43.Kxg6 1-0

[Event "R5-A-Castel-M./Condom"]
[Site "?"]
[Date "2003.02.02"]
[Round "5.4"]
[White "Castro, Jean Pierre"]
[Black "Calatrava, Julian"]
[Result "0-1"]
[WhiteElo "1320"]
[BlackElo "1750"]
[EventDate "2003.03.01"]
[PlyCount "52"]
[SourceDate "2003.03.01"]

1.d4 Nf6 2.c4 e6 3.Nf3 b6 4.h3 Bb7 5.Bf4 Bxf3 6.exf3 d5 7.Bd3 Bd6 8.Bxd6 
Qxd6 9.O-O Nc6 10.Be2 dxc4 11.Na3 O-O 12.Bxc4 Nxd4 13.Rc1 Rad8 14.Qd3 c6 
15.Rfd1 b5 16.Bb3 a6 17.Nc2 c5 18.Nxd4 cxd4 19.Bc2 Qf4 20.Qd2 Qh4 21.Kh2 
Rd5 22.Rg1 Rfd8 23.Bd3 Rh5 24.Rcf1 Nd5 25.Qe2 Nf4 26.Qe4 Qxh3+ 0-1

[Event "R5-A-Muret Gambit/Muret CD"]
[Site "?"]
[Date "2003.02.02"]
[Round "5.6"]
[White "Mas, Jean-Louis"]
[Black "Cxxxx"]
[Result "0-1"]
[WhiteElo "1310"]
[BlackElo "1420"]
[EventDate "2003.03.01"]
[PlyCount "116"]
[SourceDate "2003.03.01"]

1.d4 d6 2.c4 e6 3.Nc3 Nf6 4.Nf3 g6 5.Bg5 Bg7 6.e3 O-O 7.Be2 Qe8 8.O-O h6 
9.Bxf6 Bxf6 10.Qc2 Bg7 11.Rfe1 Nc6 12.Rad1 Nb4 13.Qb1 a5 14.a3 Nc6 15.d5 
exd5 16.cxd5 Ne5 17.h3 Nxf3+ 18.Bxf3 Qe5 19.Qc2 Qg5 20.Ne4 Qh4 21.Qc4 Bxh3
22.Nf6+ Qxf6 23.gxh3 Qxf3 24.Qxc7 Qxh3 25.Qxd6 Qg4+ 26.Kf1 Bxb2 27.Qc7 
Bxa3 28.d6 Rad8 29.Rd4 Qh3+ 30.Ke2 Qh5+ 31.Kf1 Bb4 32.Red1 Qh1+ 33.Ke2 Qc6
34.Qe7 Qc2+ 35.Kf1 Qc6 36.Qc7 Qa6+ 37.R4d3 Rxd6 38.Qc2 Rxd3 39.Qxd3 Qxd3+ 
40.Rxd3 Kg7 41.Rd7 b6 42.Rb7 Bc5 43.Ke2 a4 44.Kd1 Rd8+ 45.Kc2 a3 46.Kb3 
Rd2 47.Ra7 Rxf2 48.Ra4 Rf3 49.Ka2 Rxe3 50.Ra6 Re2+ 51.Kb3 Rb2+ 52.Kc3 Rh2 
53.Kb3 h5 54.Ra4 h4 55.Ra6 Rb2+ 56.Kc3 h3 57.Ra4 h2 58.Rh4 Rf2 0-1

[Event "R5-A-Muret Gambit/Muret CD"]
[Site "?"]
[Date "2003.02.02"]
[Round "5.4"]
[White "Callejon, Bernard"]
[Black "Mxxxx"]
[Result "1-0"]
[WhiteElo "1500"]
[BlackElo "1499"]
[EventDate "2003.03.01"]
[PlyCount "55"]
[SourceDate "2003.03.01"]

1.d4 d6 2.e4 a6 3.Nf3 h6 4.Bc4 e6 5.O-O Nf6 6.Nc3 b5 7.Bd3 Bb7 8.Re1 Qd7 
9.e5 dxe5 10.Nxe5 Qxd4 11.Bxb5+ axb5 12.Qxd4 Be7 13.Nxb5 O-O 14.Nxc7 Rd8 
15.Qb6 Nd5 16.Qxb7 Ra4 17.Nxd5 Kf8 18.Qxe7+ Kg8 19.Qxd8+ Kh7 20.Qxb8 exd5 
21.Nxf7 Rc4 22.Qh8+ Kg6 23.Ne5+ Kf6 24.Nxc4 dxc4 25.Qf8+ Kg6 26.Re6+ Kh7 
27.Bxh6 c3 28.Qxg7# 1-0

[Event "R5-A-CATE/Vic"]
[Site "?"]
[Date "2003.02.02"]
[Round "5.1"]
[White "Viaud, Thierry"]
[Black "Grelier, Gilles"]
[Result "0-1"]
[WhiteElo "1640"]
[BlackElo "1940"]
[EventDate "2003.02.02"]
[PlyCount "36"]
[SourceDate "2003.03.01"]

1.d4 Nf6 2.Nf3 g6 3.Nc3 d5 4.Bf4 Bg7 5.e3 O-O 6.Be2 c6 7.Ne5 Nfd7 8.Nxd7 
Nxd7 9.h4 e5 10.Bg3 exd4 11.exd4 Qb6 12.Qd3 Bxd4 13.Na4 Qa5+ 14.c3 Bh8 15.
Qc2 b5 16.Nc5 Nxc5 17.b4 Qa3 18.bxc5 Bxc3+ 0-1

[Event "R5-A-Vic/CATE"]
[Site "?"]
[Date "2003.02.02"]
[Round "5.2"]
[White "Lavole, Olivier"]
[Black "Bacque, Bernard"]
[Result "1-0"]
[WhiteElo "1640"]
[BlackElo "1540"]
[EventDate "2003.03.01"]
[PlyCount "63"]
[SourceDate "2003.03.01"]

1.e4 e6 2.d4 d5 3.Nd2 c5 4.c3 Nc6 5.Ngf3 Nf6 6.e5 Ne4 7.Bd3 Nxd2 8.Bxd2 
cxd4 9.cxd4 Qb6 10.Bc3 Be7 11.O-O Bd7 12.Bc2 Rc8 13.Kh1 Nb4 14.Bb1 Bb5 15.
Re1 Qa6 16.Re3 Bc4 17.a3 Nc6 18.Nd2 Bg5 19.Nxc4 Qxc4 20.Bd3 Bxe3 21.Bxc4 
Bh6 22.Bd3 O-O 23.Qg4 Rc7 24.f4 Rfc8 25.f5 Nd8 26.h3 a6 27.fxe6 Nxe6 28.
Bf5 Rc6 29.Rf1 Re8 30.Bxe6 fxe6 31.Rf6 g6 32.Rxg6+ 1-0

[Event "R5-A-Vic/CATE"]
[Site "?"]
[Date "2003.02.02"]
[Round "5.4"]
[White "Susini, Yannick"]
[Black "Pedica, Jerome"]
[Result "0-1"]
[WhiteElo "1199"]
[BlackElo "1499"]
[EventDate "2003.03.01"]
[PlyCount "108"]
[SourceDate "2003.03.01"]

1.e4 e5 2.Nf3 Nc6 3.Bb5 d6 4.O-O Nf6 5.d3 Be7 6.Bxc6+ bxc6 7.Nc3 O-O 8.d4 
Bg4 9.Be3 Qd7 10.dxe5 Bxf3 11.Qxf3 dxe5 12.Qg3 Qe6 13.f4 exf4 14.Bxf4 Bd6 
15.e5 Nh5 16.Qf3 Nxf4 17.exd6 Nd5 18.Rfe1 Qxd6 19.Rad1 Qc5+ 20.Qf2 Qxf2+ 
21.Kxf2 Rad8 22.Re5 Nxc3 23.Rxd8 Rxd8 24.bxc3 f6 25.Ra5 Rd2+ 26.Ke1 Rxg2 
27.Rxa7 Rxc2 28.Rxc7 Rxc3 29.Rc8+ Kf7 30.Kd2 Ra3 31.Rc7+ Kg6 32.Rxc6 Rxa2+
33.Ke3 Rxh2 34.Kf3 h5 35.Kg3 Re2 36.Kh3 Kg5 37.Rc5+ f5 38.Rc4 g6 39.Kg3 
Re4 40.Rc3 h4+ 41.Kf3 Rf4+ 42.Kg2 Kg4 43.Rc2 g5 44.Kh2 Rf3 45.Rg2+ Rg3 46.
Kh1 f4 47.Kg1 Kh3 48.Kh1 g4 49.Kg1 Rxg2+ 50.Kh1 Rh2+ 51.Kg1 f3 52.Kf1 g3 
53.Kg1 f2+ 54.Kf1 Rh1+ 0-1

[Event "Castel/Moissac-Colomiers"]
[Site "?"]
[Date "2003.02.02"]
[Round "5"]
[White "ALLADAYE, R."]
[Black "RIVIERE, Frederic"]
[Result "0-1"]
[WhiteElo "1750"]
[BlackElo "1740"]
[EventDate "2003.??.??"]
[PlyCount "116"]

1.Nf3 Nc6 2.d3 d5 3.Nbd2 Nf6 4.g3 Bg4 5.Bg2 e6 6.O-O Bd6 7.c3 O-O 8.e4 
dxe4 9.dxe4 Ne5 10.Qc2 Bxf3 11.Nxf3 h6 12.Rd1 Qe7 13.h3 Rad8 14.Nxe5 Bxe5 
15.Be3 c5 16.Rxd8 Rxd8 17.Rd1 b6 18.Rd2 Bc7 19.Qd1 Rxd2 20.Qxd2 Qd7 21.
Qxd7 Nxd7 22.f4 f6 23.Bf1 Kf7 24.Bc4 g5 25.f5 Ke7 26.g4 exf5 27.exf5 Bf4 
28.Kf2 Kd6 29.Be6 Ne5 30.Bxf4 gxf4 31.b3 b5 32.c4 b4 33.Ke2 Nc6 34.Bd5 
Nd4+ 35.Kf2 Ke5 36.Bb7 a5 37.h4 Nc2 38.Bc6 Ne3 39.Kf3 Nd1 40.Bd7 Nc3 41.
Bc6 Nxa2 42.Be4 Nc3 43.Bc2 Na2 44.Bb1 Nc1 45.Bc2 a4 46.bxa4 b3 47.Bb1 b2 
48.a5 Nb3 49.a6 Nd2+ 50.Ke2 Nxb1 51.a7 Nc3+ 52.Kf2 b1=Q 53.a8=Q Qa2+ 54.
Qxa2 Nxa2 55.Ke2 Nc3+ 56.Kd3 Ne4 57.Ke2 Nd6 58.Kd3 Nf7 0-1

[Event "Castel/Moissac-Colomiers"]
[Site "?"]
[Date "2003.02.02"]
[Round "5"]
[White "AMBLARD, Philippe"]
[Black "PRIEUR, Axel"]
[Result "1-0"]
[WhiteElo "1499"]
[BlackElo "1590"]
[PlyCount "85"]

1.e4 e5 2.Nf3 Nc6 3.Bb5 a6 4.Ba4 Bc5 5.d3 b5 6.Bb3 Nf6 7.Bg5 b4 8.O-O Be7 
9.Nbd2 O-O 10.c3 d6 11.h3 a5 12.d4 h6 13.Bh4 bxc3 14.bxc3 Nxe4 15.Bxe7 
Nxc3 16.Bxd8 Nxd1 17.Rfxd1 Rxd8 18.dxe5 dxe5 19.Rac1 Bb7 20.Ba4 Nb4 21.
Rxc7 Bxf3 22.Nxf3 f6 23.Rcd7 Rxd7 24.Rxd7 Kh7 25.a3 Na6 26.Bc2+ Kg8 27.Be4
Rb8 28.Ra7 Nc5 29.Bd5+ Kh7 30.Rxa5 Nd7 31.Bc6 Nf8 32.a4 g5 33.Be4+ Kg8 34.
Ra6 Nd7 35.a5 Nc5 36.Bd5+ Kg7 37.Ra7+ Kg6 38.g4 f5 39.Nxe5+ Kf6 40.Nd7+ 
Nxd7 41.Rxd7 fxg4 42.hxg4 Ke5 43.a6 1-0

[Event "R5-A-Muret Gambit/Muret CD"]
[Site "?"]
[Date "2003.02.02"]
[Round "5.2"]
[White "Fora, Jean Paul"]
[Black "Bxxxx"]
[Result "1-0"]
[WhiteElo "1680"]
[BlackElo "1499"]
[EventDate "2003.03.01"]
[PlyCount "87"]
[SourceDate "2003.03.01"]

1.c4 e5 2.Nc3 Bc5 3.Nf3 d6 4.g3 Nf6 5.Bg2 Ng4 6.e3 Qf6 7.O-O Bd7 8.Ne4 Qe6
9.Nxc5 Qxc4 10.Nxd7 Nxd7 11.d3 Qb5 12.Ng5 Nc5 13.Qxg4 Nxd3 14.b3 O-O 15.
Qc4 Qxc4 16.bxc4 Rab8 17.Rd1 Nb4 18.a3 Nc2 19.Ra2 f6 20.Bd5+ Kh8 21.Nf7+ 
Kg8 22.Nxd6+ Kh8 23.Nf7+ Kg8 24.Nxe5+ Kh8 25.Nd7 Nxe3 26.Bxe3 Rfe8 27.Nxb8
Rxb8 28.Rb2 b6 29.Bc6 h5 30.Rd7 g5 31.Rbd2 Rg8 32.Rd8 h4 33.Rxg8+ Kxg8 34.
gxh4 g4 35.Rd7 f5 36.Rxc7 a5 37.Bxb6 f4 38.Bd5+ Kf8 39.Bc5+ Ke8 40.h5 Kd8 
41.Bb6 a4 42.h6 f3 43.h7 g3 44.h8=Q# 1-0

[Event "Montauban-Millau"]
[Site "?"]
[Date "2003.02.02"]
[Round "5"]
[White "Calvignac"]
[Black "Kienlen"]
[Result "1-0"]
[WhiteElo "1570"]
[BlackElo "1520"]
[EventDate "2003.??.??"]
[PlyCount "133"]

1.d4 Nf6 2.c4 g6 3.Nc3 Bg7 4.e4 d6 5.Nf3 O-O 6.Be3 Nbd7 7.Qd2 e5 8.Bh6 a6 
9.Bxg7 Kxg7 10.O-O-O c6 11.dxe5 Ne8 12.exd6 f6 13.b4 b6 14.Nd4 Ne5 15.f4 
c5 16.fxe5 cxd4 17.Qxd4 Ra7 18.c5 fxe5 19.Qxe5+ Nf6 20.c6 Re8 21.Qd4 Be6 
22.Bc4 Bg4 23.Rd2 Be6 24.Bxe6 Rxe6 25.Re1 h5 26.Na4 a5 27.Nxb6 axb4 28.c7 
Rxc7+ 29.dxc7 Qxc7+ 30.Nc4 Kh6 31.h3 Rc6 32.Rc2 Nd7 33.h4 Kh7 34.Ree2 Nc5 
35.Nb2 b3 36.Nc4 bxc2 37.Rxc2 Ne6 38.Qe5 Qc8 39.Ne3 Rxc2+ 40.Nxc2 Qf8 41.
Qxe6 Qf4+ 42.Kb2 Qxh4 43.a4 Qf2 44.a5 Qc5 45.Qd7+ Kh6 46.Qd2+ g5 47.Qd5 
Qc8 48.Qd6+ Kh7 49.Qe7+ Kg6 50.e5 h4 51.Qd6+ Kh5 52.a6 Qe8 53.a7 Qb5+ 54.
Qb4 Qxe5+ 55.Ka3 Qg3+ 56.Qb3 Qxg2 57.Qf7+ Kg4 58.Ne3+ Kg3 59.Nxg2 h3 60.
Qc7+ Kxg2 61.a8=Q+ Kf2 62.Qh2+ Ke3 63.Qxh3+ Kd4 64.Qg4+ Kc3 65.Qc6+ Kd3 
66.Qgf3+ Kd4 67.Qfe4# 1-0